[Event "ESP-ch U18"]
[Site "Salobrena"]
[Date "2021.07.28"]
[Round "5"]
[White "Orts Tomas, Marc"]
[Black "Maldonado Mena, German"]
[Result "0-1"]
[WhiteElo "1842"]
[BlackElo "2015"]
[PlyCount "176"]
[EventDate "2021.07.26"]
[EventType "swiss"]
[EventRounds "9"]
[EventCountry "ESP"]
[SourceTitle "CBM 203 Extra"]
[Source "ChessBase"]
[SourceDate "2021.09.30"]
[SourceVersion "1"]
[SourceVersionDate "2021.09.30"]
[SourceQuality "1"]

1. c4 e6 2. g3 d5 3. Bg2 Nf6 4. Nf3 Be7 5. 0-0 0-0 6. b3 c5 7. cxd5 exd5 8. d4 Nc6 9. Bb2 Be6 10. Nc3 Rc8 11. Rc1 c4 12. Ne5 Qa5 13. bxc4 dxc4 14. Nxc6 bxc6 15. e4 Rfd8 16. Qd2 Bc5 17. Qg5 Rxd4 18. Ne2 h6 19. Qh4 Rd2 20. Bc3 Qxa2 21. Bxd2 Qxd2 22. Nf4 Bxf2+ 23. Kh1 c3 24. Nxe6 fxe6 25. e5 Nd5 26. Qg4 Re8 27. Qg6 Rd8 28. Be4 Ne3 29. Qh7+ Kf8 30. Qh8+ Kf7 31. Rxf2+ Nf5 32. Rxd2 cxd2 33. Rd1 Rxh8 34. Rxd2 Ne7 35. Rd7 Rc8 36. Rxa7 c5 37. Kg2 c4 38. Kf3 Rc5 39. h4 c3 40. Bc2 Rxe5 41. Rc7 Kf6 42. Rxc3 Nd5 43. Ra3 Re1 44. Kf2 Rc1 45. Rf3+ Ke7 46. Bg6 Nf6 47. Ra3 Ng4+ 48. Ke2 Kf6 49. Be4 Ne5 50. Rb3 Ra1 51. Rc3 Ra2+ 52. Ke3 g5 53. hxg5+ hxg5 54. Bc2 Rb2 55. Be4 Ng4+ 56. Kf3 Nh2+ 57. Ke3 Nf1+ 58. Kf3 Nd2+ 59. Ke3 Nxe4 60. Kxe4 Rb4+ 61. Kf3 g4+ 62. Ke3 Kf5 63. Ra3 Rb1 64. Ke2 Rb2+ 65. Kf1 e5 66. Rc3 Ke4 67. Ra3 Rd2 68. Ra8 Ke3 69. Rf8 Rd1+ 70. Kg2 e4 71. Rf7 Rd2+ 72. Kf1 Rd3 73. Rf4 Rd1+ 74. Kg2 Kd3 75. Rf8 e3 76. Rd8+ Ke2 77. Rf8 Rd3 78. Ra8 Ke1 79. Ra1+ Rd1 80. Ra4 Rd2+ 81. Kg1 Kd1 82. Ra5 Kc2 83. Kf1 Kd3 84. Rd5+ Ke4 85. Ra5 Kf3 86. Rf5+ Kxg3 87. Rf8 Rf2+ 88. Rxf2 exf2 0-1